LEADER 01557nam a2200349 u 4500 001 000000026811 003 CaOOAMICUS 005 20070226111623.0 008 951122s1995 it bef u000 u ita u 020 $a8842047740 035 $a10693769 040 $aIPA$bita$dEFR 245 00$aStoria dell'Italia religiosa.$n3,$pL'età contemporanea /$cFiliberto Agostini ... [et al.] ; a cura di Gabriele De Rosa. 246 30$aEtà contemporanea 260 $aRoma :$bLaterza,$c1995. 300 $axxxvi, 619 p., [8] c. di tav. :$bill., piante, c. geogr. ;$c22 cm 490 1 $aStoria e società 500 $aIndex: p. [601]-614. 504 $aBibliography: p. 543-587. 651 0$aItaly$xChurch history$y19th century.$2//eng$0(OLS)http://pul/subject/15538 651 0$aItaly$xChurch history$y20th century.$2//eng$0(OLS)http://pul/subject/3480 700 1 $aAgostini, Filiberto.$0(OLS)http://pul/name/6055 700 1 $aDe Rosa, Gabriele,$d1917-2009.$0(OLS)http://pul/name/2754 830 0$aStoria e società (Laterza).$0(OLS)http://pul/title/761 850 $aPUL 852 $aPUL$W1$xSL Filosofia 1$y2$m118 H 66$j37419$nBK-PRI$b $qStampati$B37419$CPULBib$Z2$F37419 $H $81 941 1 $a8 961 $aINV: 79509 996 $6020$a8842047740$9(OLS)http://pul/number/33298 996 $6245$aStoria dell'Italia religiosa.$n3,$pL'età contemporanea$9(OLS)http://pul/title/36761 996 $6246$aEtà contemporanea$9(OLS)http://pul/title/36762 996 $6260$aRoma :$bLaterza$9(OLS)http://pul/publisher/47864 LEADER 01836nam a2200373 a 4500 001 000000149465 003 CaOOAMICUS 005 20160322105442.0 008 160217s2015 vc u000 u ita r 020 $a978-88-8284-911-5* 032 $aLibriCat 040 $aPUL$bita 082 04$a261.8 245 00$aAbiterai la terra :$bcommento all'enciclica Laudato sì /$ca cura di Giuseppe Notarstefano ; con il testo integrale di papa Francesco ; contributi di Luigi Alici ... [et al.] ; testi introduttivi di Flaminia Giovanelli, Fabiano Longoni, Matteo Truffelli . 260 $aCittà del Vaticano :$bLibreria editrice vaticana,$c©2015. 300 $a252 p. ;$c21 cm. 490 1 $aPresenza Pastorale 504 $aBibliografia in nota. 610 24$aPapi (2013-2025 : Franciscus)$tLaudato si'.$0(OLS)http://pul/subject/42712 650 4$aEncicliche$xCommenti.$0(OLS)http://pul/subject/35814 700 1 $aNotarstefano, Giuseppe.$0(OLS)http://pul/name/74785 700 1 $aAlici, Luigi.$0(OLS)http://pul/name/3225 700 1 $aGiovannelli, Flaminia.$0(OLS)http://pul/name/95299 700 1 $aLongoni, Fabiano.$0(OLS)http://pul/name/75664 700 1 $aTruffelli, Matteo.$0(OLS)http://pul/name/35488 830 0$aPresenza pastorale (AVE).$0(OLS)http://pul/title/40868 850 $aPUL 852 $aPUL$W1$xSL Religione 3$y85$m261. 8 FRANC 6$j172114$qDDC 21$B173737$CPULBib$Z2$F173737 $H127135 $81 941 1 $a9 996 $6020$a978-88-8284-911-5*$9(OLS)http://pul/number/159729 996 $6082$a261.8$9(OLS)http://pul/classification/367 996 $6245$aAbiterai la terra :$bcommento all'enciclica Laudato sì$9(OLS)http://pul/title/188445 996 $6260$aCittà del Vaticano :$bLibreria editrice vaticana$9(OLS)http://pul/publisher/47920